[Event "DVM U10 2023"]
[Site "Magdeburg GER"]
[Date "2023.12.29"]
[Round "7"]
[White "Süßdorf, Can"]
[Black "Meurer, Knut"]
[Result "0-1"]
[Termination "normal"]
[Board "10.2"]
[WhiteElo "928"]
[BlackElo "1056"]
[WhiteClock "00:27:29"]
[BlackClock "00:43:48"]
[WhiteTeam "SC Ramstein-Miesenbach"]
[BlackTeam "SV Roter Turm Halle"]
[PlyCount "90"]
[BlackFideId "34623604"]
[EventCountry "GER"]
[EventRounds "7"]
[EventType "team-swiss"]
[EventDate "2023.12.27"]

1. e4 {[%clk 00:55:07]} {[%emt 00:00:02]} e5 {[%clk 00:55:07]} {[%emt
00:00:04]} 2. Nf3 {[%clk 00:55:09]} {[%emt 00:00:03]} Nc6 {[%clk 00:55:07]}
{[%emt 00:00:05]} 3. Bc4 {[%clk 00:55:08]} {[%emt 00:00:05]} Nf6 {[%clk
00:55:00]} {[%emt 00:00:12]} 4. Ng5 {[%clk 00:54:31]} {[%emt 00:00:43]} d5
{[%clk 00:54:57]} {[%emt 00:00:08]} 5. exd5 {[%clk 00:54:33]} {[%emt 00:00:03]}
Na5 {[%clk 00:54:55]} {[%emt 00:00:07]} 6. d3 {[%clk 00:53:14]} {[%emt
00:01:24]} Nxd5 {[%clk 00:54:31]} {[%emt 00:00:30]} 7. Bxd5 {[%clk 00:52:44]}
Qxd5 {[%clk 00:54:25]} {[%emt 00:00:45]} 8. Nc3 {[%clk 00:52:42]} Qxg2 {[%clk
00:53:59]} {[%emt 00:00:39]} 9. Qf3 {[%emt 00:00:54]} Qxf3 {[%clk 00:53:29]}
{[%emt 00:00:14]} 10. Nxf3 {[%emt 00:00:28]} Nc6 11. Bg5 {[%clk 00:51:47]}
{[%emt 00:00:15]} Bb4 {[%clk 00:53:27]} {[%emt 00:00:05]} 12. Bd2 {[%clk
00:51:46]} {[%emt 00:00:06]} O-O {[%clk 00:53:16]} {[%emt 00:00:17]} 13. O-O-O
{[%clk 00:51:40]} {[%emt 00:00:10]} Bg4 {[%clk 00:53:14]} {[%emt 00:00:07]} 14.
Nh4 {[%clk 00:47:19]} {[%emt 00:04:26]} Bxd1 {[%clk 00:52:47]} {[%emt
00:00:32]} 15. Rxd1 {[%clk 00:47:11]} {[%emt 00:00:12]} g6 {[%clk 00:52:28]}
{[%emt 00:00:24]} 16. a3 {[%emt 00:00:36]} Ba5 {[%clk 00:52:22]} {[%emt
00:00:10]} 17. Bh6 {[%clk 00:44:54]} Rfd8 {[%clk 00:52:06]} {[%emt 00:02:14]}
18. Ne4 {[%clk 00:44:48]} Nb8 {[%clk 00:51:04]} {[%emt 00:01:18]} 19. Nf3
{[%clk 00:43:34]} Nd7 {[%clk 00:50:31]} {[%emt 00:01:56]} 20. Nfg5 {[%clk
00:42:13]} f6 {[%clk 00:49:57]} {[%emt 00:02:07]} 21. Ne6 {[%clk 00:41:56]} Re8
{[%clk 00:49:33]} {[%emt 00:00:50]} 22. N6c5 {[%clk 00:41:12]} Nxc5 {[%clk
00:49:17]} {[%emt 00:01:10]} 23. Nxc5 {[%clk 00:41:10]} Bb6 {[%clk 00:49:04]}
{[%emt 00:00:25]} 24. Nd7 {[%clk 00:40:20]} Kf7 {[%clk 00:46:38]} {[%emt
00:03:24]} 25. Nxb6 {[%clk 00:36:22]} cxb6 {[%clk 00:46:29]} {[%emt 00:04:19]}
26. Re1 {[%emt 00:01:08]} g5 27. h4 {[%clk 00:35:46]} Kg6 {[%clk 00:46:08]}
{[%emt 00:00:10]} 28. hxg5 {[%clk 00:35:46]} {[%emt 00:00:05]} fxg5 {[%clk
00:46:04]} {[%emt 00:00:08]} 29. Rh1 {[%clk 00:35:44]} {[%emt 00:00:06]} e4
{[%clk 00:45:49]} {[%emt 00:00:21]} 30. f4 {[%clk 00:35:22]} {[%emt 00:00:28]}
exf3 {[%clk 00:45:35]} {[%emt 00:00:18]} 31. Bxg5 {[%emt 00:02:49]} Kxg5 {[%clk
00:45:26]} {[%emt 00:00:11]} 32. Rg1+ {[%clk 00:32:26]} {[%emt 00:00:19]} Kh4
{[%clk 00:45:20]} {[%emt 00:00:12]} 33. Rh1+ {[%clk 00:32:22]} {[%emt
00:00:09]} Kg3 {[%clk 00:45:15]} {[%emt 00:00:10]} 34. Kd2 {[%clk 00:31:46]}
{[%emt 00:00:41]} Kg2 {[%clk 00:45:04]} {[%emt 00:00:16]} 35. Rxh7 {[%clk
00:31:23]} {[%emt 00:00:28]} Rg8 {[%clk 00:44:55]} {[%emt 00:00:14]} 36. a4
{[%clk 00:30:31]} {[%emt 00:00:57]} f2 {[%clk 00:44:53]} {[%emt 00:00:06]} 37.
a5 {[%clk 00:30:06]} {[%emt 00:00:31]} f1=Q {[%clk 00:44:39]} {[%emt 00:00:19]}
38. c4 {[%clk 00:29:13]} {[%emt 00:00:59]} Qf2+ {[%clk 00:44:32]} {[%emt
00:00:11]} 39. Kc3 {[%clk 00:29:14]} {[%emt 00:00:04]} bxa5 {[%clk 00:44:19]}
{[%emt 00:00:18]} 40. Rh4 {[%clk 00:28:38]} {[%emt 00:00:40]} Qxh4 {[%clk
00:44:08]} {[%emt 00:00:17]} 41. b4 {[%clk 00:28:21]} {[%emt 00:00:23]} Qe1+
{[%clk 00:44:04]} {[%emt 00:00:09]} 42. Kd4 {[%clk 00:28:18]} {[%emt 00:00:07]}
axb4 {[%clk 00:44:01]} {[%emt 00:00:08]} 43. c5 {[%clk 00:27:47]} {[%emt
00:00:36]} Qc3+ {[%clk 00:43:59]} {[%emt 00:00:07]} 44. Ke3 {[%clk 00:27:34]}
{[%emt 00:00:18]} Rae8+ {[%clk 00:43:48]} {[%emt 00:00:10]} 45. Kf4 {[%clk
00:27:29]} {[%emt 00:00:17]} Qf6# {[%emt 00:00:05]} 0-1

[Event "DVM U10 2023"]
[Site "Magdeburg GER"]
[Date "2023.12.29"]
[Round "7"]
[White "Greither, Flora"]
[Black "Stösel, Roman"]
[Result "1-0"]
[Termination "normal"]
[Board "10.3"]
[WhiteElo "1179"]
[BlackElo "787"]
[WhiteClock "00:21:55"]
[BlackClock "00:05:06"]
[WhiteTeam "SV Roter Turm Halle"]
[BlackTeam "SC Ramstein-Miesenbach"]
[PlyCount "147"]
[WhiteFideId "533000697"]
[EventCountry "GER"]
[EventRounds "7"]
[EventType "team-swiss"]
[EventDate "2023.12.27"]

1. e4 {[%clk 00:55:05]} {[%emt 02:41:40]} e5 {[%clk 00:55:05]} {[%emt
00:00:04]} 2. Nf3 {[%clk 00:55:05]} {[%emt 00:00:05]} Nc6 {[%clk 00:55:05]}
{[%emt 00:00:07]} 3. Nc3 {[%clk 00:55:05]} {[%emt 00:00:07]} Nf6 {[%clk
00:55:04]} {[%emt 00:00:42]} 4. Be2 {[%clk 00:55:06]} {[%emt 00:00:08]} Bc5
{[%clk 00:54:56]} {[%emt 00:00:13]} 5. O-O {[%clk 00:54:59]} {[%emt 00:00:12]}
O-O {[%clk 00:54:52]} {[%emt 00:00:09]} 6. d3 {[%clk 00:54:59]} {[%emt
00:00:06]} d5 {[%clk 00:54:28]} {[%emt 00:00:29]} 7. exd5 {[%clk 00:54:38]}
{[%emt 00:00:25]} Nxd5 {[%clk 00:54:22]} {[%emt 00:00:13]} 8. Nxd5 {[%clk
00:54:18]} {[%emt 00:00:24]} Qxd5 {[%clk 00:54:18]} {[%emt 00:00:09]} 9. Be3
{[%clk 00:53:18]} {[%emt 00:01:05]} Bxe3 {[%clk 00:53:28]} {[%emt 00:00:55]}
10. fxe3 {[%clk 00:53:13]} {[%emt 00:00:10]} Rd8 {[%clk 00:53:11]} {[%emt
00:00:22]} 11. e4 {[%clk 00:52:31]} {[%emt 00:00:48]} Qc5+ {[%clk 00:51:05]}
{[%emt 00:02:10]} 12. Kh1 {[%clk 00:52:21]} {[%emt 00:00:15]} Bg4 {[%clk
00:50:31]} {[%emt 00:00:38]} 13. Ng5 {[%clk 00:51:52]} {[%emt 00:00:30]} Bxe2
{[%clk 00:49:55]} {[%emt 00:00:45]} 14. Qxe2 {[%clk 00:51:47]} {[%emt
00:00:10]} h6 {[%clk 00:49:40]} {[%emt 00:00:21]} 15. Nh3 {[%clk 00:51:01]}
{[%emt 00:00:48]} Nd4 {[%clk 00:48:58]} {[%emt 00:00:50]} 16. Qf2 {[%clk
00:50:23]} {[%emt 00:00:40]} Rf8 {[%clk 00:48:19]} {[%emt 00:00:47]} 17. Rac1
{[%clk 00:49:37]} {[%emt 00:00:48]} b6 {[%clk 00:46:34]} {[%emt 00:01:54]} 18.
c3 {[%clk 00:48:50]} {[%emt 00:00:51]} Ne6 {[%clk 00:46:00]} {[%emt 00:00:39]}
19. d4 {[%clk 00:48:32]} {[%emt 00:00:23]} Qd6 {[%clk 00:43:48]} {[%emt
00:02:17]} 20. d5 {[%clk 00:47:27]} {[%emt 00:01:11]} Nc5 {[%clk 00:41:56]}
{[%emt 00:01:56]} 21. Rcd1 {[%clk 00:47:15]} {[%emt 00:00:15]} c6 {[%clk
00:39:51]} {[%emt 00:02:12]} 22. Qe3 {[%clk 00:46:38]} {[%emt 00:00:37]} Rfe8
{[%clk 00:38:27]} {[%emt 00:01:34]} 23. Nf2 {[%clk 00:45:10]} {[%emt 00:01:31]}
Rad8 {[%clk 00:37:51]} {[%emt 00:00:43]} 24. c4 {[%clk 00:43:35]} {[%emt
00:01:40]} a6 {[%clk 00:36:34]} {[%emt 00:01:23]} 25. b3 {[%clk 00:43:01]}
{[%emt 00:00:38]} a5 {[%clk 00:33:10]} {[%emt 00:03:28]} 26. Qf3 {[%clk
00:42:14]} {[%emt 00:00:51]} f6 {[%clk 00:32:08]} {[%emt 00:01:09]} 27. Nd3
{[%clk 00:41:19]} {[%emt 00:00:58]} Nxd3 {[%clk 00:28:01]} {[%emt 00:04:14]}
28. Qxd3 {[%clk 00:40:45]} {[%emt 00:00:39]} Rd7 {[%clk 00:27:29]} {[%emt
00:00:36]} 29. Rd2 {[%clk 00:39:40]} {[%emt 00:01:11]} Red8 {[%clk 00:24:43]}
{[%emt 00:02:50]} 30. Rfd1 {[%clk 00:38:45]} {[%emt 00:01:01]} c5 {[%clk
00:23:46]} {[%emt 00:01:03]} 31. Re1 {[%clk 00:38:04]} {[%emt 00:00:45]} Rf8
{[%clk 00:22:55]} {[%emt 00:00:57]} 32. Kg1 {[%clk 00:37:23]} {[%emt 00:00:45]}
Rdf7 {[%clk 00:22:39]} {[%emt 00:00:21]} 33. Qh3 {[%emt 00:01:41]} f5 {[%clk
00:21:56]} {[%emt 00:00:02]} 34. Rf2 {[%clk 00:35:33]} {[%emt 00:01:05]} fxe4
{[%emt 00:01:23]} 35. Rxf7 {[%clk 00:35:13]} {[%emt 00:00:47]} Rxf7 {[%clk
00:20:20]} {[%emt 00:00:25]} 36. Rxe4 {[%clk 00:34:51]} {[%emt 00:00:28]} Qf6
{[%clk 00:19:53]} {[%emt 00:00:33]} 37. Qf3 {[%clk 00:34:17]} {[%emt 00:00:38]}
g5 {[%clk 00:17:51]} {[%emt 00:02:07]} 38. Qxf6 {[%clk 00:33:32]} {[%emt
00:00:50]} Rxf6 {[%clk 00:17:36]} {[%emt 00:00:22]} 39. Rxe5 {[%clk 00:33:21]}
{[%emt 00:00:15]} Rd6 {[%clk 00:17:09]} {[%emt 00:00:31]} 40. h3 {[%clk
00:32:50]} {[%emt 00:00:37]} Kf7 {[%clk 00:17:06]} {[%emt 00:00:07]} 41. Kf2
{[%clk 00:31:37]} {[%emt 00:01:18]} Kf6 {[%clk 00:16:45]} {[%emt 00:00:13]} 42.
Re3 {[%clk 00:31:28]} {[%emt 00:00:27]} Kf5 {[%clk 00:15:50]} {[%emt 00:00:56]}
43. g4+ {[%clk 00:30:35]} {[%emt 00:01:02]} Kf4 {[%emt 00:00:39]} 44. Rf3+
{[%emt 00:00:27]} Ke4 {[%clk 00:14:36]} {[%emt 00:00:13]} 45. Kg2 {[%clk
00:29:29]} {[%emt 00:01:11]} Kd4 {[%clk 00:14:10]} {[%emt 00:00:30]} 46. Rf2
{[%clk 00:28:55]} {[%emt 00:00:40]} a4 {[%clk 00:13:41]} {[%emt 00:00:35]} 47.
Re2 {[%clk 00:28:36]} {[%emt 00:00:24]} axb3 {[%clk 00:12:07]} {[%emt
00:01:39]} 48. axb3 {[%clk 00:28:32]} {[%emt 00:00:09]} Rd8 {[%clk 00:10:52]}
{[%emt 00:01:15]} 49. Re6 {[%clk 00:27:53]} {[%emt 00:00:47]} Kc3 {[%clk
00:10:38]} {[%emt 00:00:21]} 50. Rxb6 {[%clk 00:27:44]} {[%emt 00:00:14]} Rd7
{[%clk 00:09:50]} {[%emt 00:00:52]} 51. Rb5 {[%clk 00:26:42]} {[%emt 00:01:07]}
Rd8 {[%clk 00:09:31]} {[%emt 00:00:24]} 52. Kf2 {[%clk 00:26:13]} {[%emt
00:00:34]} Ra8 {[%clk 00:09:10]} {[%emt 00:00:26]} 53. Ke3 {[%clk 00:25:48]}
{[%emt 00:00:31]} Re8 {[%clk 00:09:09]} {[%emt 00:00:05]} 54. Kf3 {[%clk
00:25:33]} {[%emt 00:00:20]} Ra8 {[%clk 00:08:57]} {[%emt 00:00:18]} 55. d6
{[%clk 00:24:58]} {[%emt 00:00:40]} Rd8 {[%clk 00:08:08]} {[%emt 00:00:53]} 56.
Rb6 {[%clk 00:24:48]} {[%emt 00:00:15]} Rd7 {[%clk 00:07:07]} {[%emt 00:01:07]}
57. Ke4 {[%clk 00:24:36]} {[%emt 00:00:17]} Rd8 {[%clk 00:05:23]} {[%emt
00:01:49]} 58. Kd5 {[%clk 00:24:18]} {[%emt 00:00:22]} Rxd6+ {[%clk 00:04:36]}
{[%emt 00:00:53]} 59. Rxd6 {[%clk 00:24:08]} {[%emt 00:00:33]} Kxb3 {[%clk
00:04:40]} {[%emt 00:00:01]} 60. Kxc5 {[%clk 00:23:50]} {[%emt 00:00:23]} Kc3
{[%clk 00:04:43]} {[%emt 00:00:01]} 61. Rxh6 {[%clk 00:23:32]} {[%emt
00:00:22]} Kd3 {[%clk 00:04:41]} {[%emt 00:00:08]} 62. Rg6 {[%clk 00:23:23]}
{[%emt 00:00:14]} Ke4 {[%clk 00:04:41]} {[%emt 00:00:04]} 63. Rxg5 {[%clk
00:23:21]} {[%emt 00:00:07]} Kf4 {[%clk 00:04:45]} {[%emt 00:00:01]} 64. Rg8
{[%clk 00:23:10]} {[%emt 00:00:15]} Kg3 {[%clk 00:04:49]} {[%emt 00:00:02]} 65.
g5 {[%clk 00:22:52]} {[%emt 00:00:23]} Kxh3 {[%clk 00:04:52]} {[%emt 00:00:04]}
66. g6 {[%clk 00:22:51]} {[%emt 00:00:06]} Kg4 {[%clk 00:04:55]} {[%emt
00:00:02]} 67. g7 {[%clk 00:22:45]} {[%emt 00:00:10]} Kg5 {[%clk 00:04:59]}
{[%emt 00:00:01]} 68. Rh8 {[%clk 00:22:41]} {[%emt 00:00:09]} Kf5 {[%clk
00:05:00]} {[%emt 00:00:05]} 69. g8=Q {[%clk 00:22:22]} {[%emt 00:00:32]} Ke5
{[%clk 00:04:59]} {[%emt 00:00:07]} 70. Qg5 {[%clk 00:22:16]} {[%emt 00:00:11]}
Ke4 {[%clk 00:05:00]} {[%emt 00:00:04]} 71. Rh4+ {[%clk 00:22:06]} {[%emt
00:00:14]} Kd3 {[%clk 00:05:04]} {[%emt 00:00:02]} 72. Qg3+ {[%clk 00:22:00]}
{[%emt 00:00:11]} Kc2 {[%clk 00:05:06]} {[%emt 00:00:03]} 73. Rh2+ {[%clk
00:21:55]} {[%emt 00:00:10]} Kd1 {[%emt 00:00:07]} 74. Qg1# {[%emt 00:00:07]}
1-0

[Event "DVM U10 2023"]
[Site "Magdeburg GER"]
[Date "2023.12.29"]
[Round "7"]
[White "Pascual, Noah"]
[Black "Jamalli, Malak"]
[Result "0-1"]
[Termination "normal"]
[Board "10.4"]
[WhiteElo "778"]
[BlackElo "1115"]
[WhiteClock "00:39:45"]
[BlackClock "00:28:16"]
[WhiteTeam "SC Ramstein-Miesenbach"]
[BlackTeam "SV Roter Turm Halle"]
[PlyCount "68"]
[BlackFideId "533000689"]
[EventCountry "GER"]
[EventRounds "7"]
[EventType "team-swiss"]
[EventDate "2023.12.27"]

1. e4 {[%clk 00:55:09]} g6 {[%clk 00:55:08]} {[%emt 00:00:02]} 2. Nf3 {[%clk
00:55:03]} {[%emt 00:00:13]} Bg7 {[%clk 00:55:09]} {[%emt 00:00:03]} 3. Bc4
{[%clk 00:54:41]} {[%emt 00:00:27]} e6 {[%clk 00:55:08]} {[%emt 00:00:05]} 4.
d4 {[%emt 00:00:25]} Ne7 {[%clk 00:54:54]} {[%emt 00:00:17]} 5. Bf4 {[%clk
00:54:16]} {[%emt 00:00:12]} d5 {[%clk 00:54:17]} {[%emt 00:00:43]} 6. exd5
{[%clk 00:54:04]} {[%emt 00:00:16]} exd5 {[%clk 00:54:06]} {[%emt 00:00:17]} 7.
Bd3 {[%clk 00:53:36]} {[%emt 00:00:33]} O-O {[%clk 00:53:54]} {[%emt 00:00:16]}
8. Ne5 {[%clk 00:53:15]} {[%emt 00:00:26]} Nbc6 {[%clk 00:53:15]} {[%emt
00:00:44]} 9. Nd2 {[%clk 00:52:55]} {[%emt 00:00:25]} f6 {[%clk 00:51:46]}
{[%emt 00:01:35]} 10. Nxc6 {[%clk 00:52:42]} {[%emt 00:00:18]} Nxc6 {[%clk
00:50:51]} {[%emt 00:01:00]} 11. c3 {[%clk 00:52:07]} {[%emt 00:00:40]} Re8+
{[%clk 00:50:16]} {[%emt 00:00:39]} 12. Be2 {[%clk 00:51:57]} {[%emt 00:00:14]}
b6 {[%clk 00:49:51]} {[%emt 00:00:32]} 13. O-O {[%clk 00:51:49]} {[%emt
00:00:13]} Bf5 {[%clk 00:48:45]} {[%emt 00:01:10]} 14. Re1 {[%clk 00:51:45]}
{[%emt 00:00:09]} Rf8 {[%clk 00:48:31]} {[%emt 00:00:20]} 15. c4 {[%clk
00:51:32]} {[%emt 00:00:18]} Nxd4 {[%clk 00:48:03]} {[%emt 00:00:32]} 16. cxd5
{[%clk 00:51:06]} {[%emt 00:00:31]} Nc2 {[%clk 00:46:01]} {[%emt 00:02:07]} 17.
Rc1 {[%clk 00:50:30]} {[%emt 00:00:42]} Nxe1 {[%clk 00:44:02]} {[%emt
00:02:03]} 18. Bxc7 {[%clk 00:50:24]} {[%emt 00:00:11]} Qd7 {[%clk 00:42:10]}
{[%emt 00:01:58]} 19. Qxe1 {[%clk 00:49:50]} {[%emt 00:00:39]} Rfe8 {[%clk
00:39:42]} {[%emt 00:02:32]} 20. Qf1 {[%clk 00:48:58]} {[%emt 00:00:57]} Rec8
{[%clk 00:36:44]} {[%emt 00:03:03]} 21. d6 {[%clk 00:48:26]} {[%emt 00:00:37]}
Bf8 {[%clk 00:36:14]} {[%emt 00:00:35]} 22. Ba6 {[%clk 00:47:53]} {[%emt
00:00:39]} Bxd6 {[%clk 00:34:36]} {[%emt 00:01:43]} 23. Bxc8 {[%clk 00:47:38]}
{[%emt 00:00:20]} Rxc8 {[%clk 00:34:16]} {[%emt 00:00:25]} 24. Bxd6 {[%clk
00:47:34]} {[%emt 00:00:08]} Rxc1 {[%clk 00:34:03]} {[%emt 00:00:18]} 25. Qxc1
{[%clk 00:47:34]} {[%emt 00:00:05]} Qxd6 {[%clk 00:33:58]} {[%emt 00:00:10]}
26. Nc4 {[%clk 00:44:21]} {[%emt 00:03:18]} Qc7 {[%clk 00:32:49]} {[%emt
00:01:14]} 27. b3 {[%clk 00:44:06]} {[%emt 00:00:20]} b5 {[%clk 00:32:34]}
{[%emt 00:00:20]} 28. Qc3 {[%clk 00:42:31]} {[%emt 00:01:40]} bxc4 {[%clk
00:31:52]} {[%emt 00:00:47]} 29. bxc4 {[%clk 00:42:32]} {[%emt 00:00:05]} Qd8
{[%clk 00:31:20]} {[%emt 00:00:37]} 30. h3 {[%clk 00:42:04]} {[%emt 00:00:33]}
Qc7 {[%clk 00:30:20]} {[%emt 00:01:04]} 31. c5 {[%clk 00:41:39]} {[%emt
00:00:31]} Qc6 {[%clk 00:30:10]} {[%emt 00:00:15]} 32. Qa5 {[%clk 00:41:20]}
{[%emt 00:00:24]} Bc8 {[%clk 00:28:50]} {[%emt 00:01:25]} 33. Qxa7 {[%clk
00:40:57]} {[%emt 00:00:28]} Bb7 {[%clk 00:28:22]} {[%emt 00:00:32]} 34. a4
{[%clk 00:39:45]} {[%emt 00:01:17]} Qxg2# {[%clk 00:28:16]} {[%emt 00:00:11]}
0-1

[Event "DVM U10 2023"]
[Site "Magdeburg GER"]
[Date "2023.12.29"]
[Round "7"]
[White "Moskalenko, Michael"]
[Black "Ivashchenko, Yurii"]
[Result "1-0"]
[Termination "normal"]
[Board "11.1"]
[WhiteElo "1294"]
[BlackElo "1394"]
[WhiteClock "00:06:43"]
[BlackClock "00:00:28"]
[WhiteTeam "Elmshorner SC 1896"]
[BlackTeam "SG Leipzig"]
[PlyCount "69"]
[WhiteFideId "34608877"]
[BlackFideId "34163735"]
[EventCountry "GER"]
[EventRounds "7"]
[EventType "team-swiss"]
[EventDate "2023.12.27"]

1. d4 {[%clk 00:55:09]} {[%emt 00:00:02]} Nf6 {[%clk 00:55:09]} {[%emt
00:00:02]} 2. c4 {[%clk 00:55:05]} {[%emt 00:00:08]} g6 {[%clk 00:55:10]}
{[%emt 00:00:04]} 3. Nc3 {[%clk 00:55:05]} {[%emt 00:00:05]} Bg7 {[%clk
00:55:10]} {[%emt 00:00:04]} 4. e4 {[%clk 00:55:07]} {[%emt 00:00:04]} d6
{[%clk 00:55:10]} {[%emt 00:00:06]} 5. Nf3 {[%clk 00:55:08]} {[%emt 00:00:04]}
O-O {[%clk 00:55:05]} {[%emt 00:00:09]} 6. Be2 {[%clk 00:55:08]} {[%emt
00:00:04]} e5 {[%clk 00:54:50]} {[%emt 00:00:21]} 7. O-O {[%clk 00:55:01]}
{[%emt 00:00:12]} Nc6 {[%clk 00:54:40]} {[%emt 00:00:15]} 8. d5 {[%clk
00:55:00]} {[%emt 00:00:07]} Ne7 {[%clk 00:54:21]} {[%emt 00:00:24]} 9. b4
{[%clk 00:54:56]} {[%emt 00:00:09]} a5 {[%clk 00:54:12]} {[%emt 00:00:13]} 10.
bxa5 {[%clk 00:54:55]} {[%emt 00:00:06]} Rxa5 {[%clk 00:53:29]} {[%emt
00:00:48]} 11. a4 {[%clk 00:54:50]} {[%emt 00:00:10]} h6 {[%clk 00:48:55]}
{[%emt 00:04:38]} 12. Ba3 {[%clk 00:54:16]} {[%emt 00:00:40]} Nd7 {[%clk
00:43:53]} {[%emt 00:05:07]} 13. Bb4 {[%clk 00:53:42]} {[%emt 00:00:39]} Ra8
{[%clk 00:43:24]} {[%emt 00:00:34]} 14. Ne1 {[%clk 00:53:07]} {[%emt 00:00:41]}
f5 {[%clk 00:42:18]} {[%emt 00:01:09]} 15. f3 {[%clk 00:52:52]} {[%emt
00:00:21]} h5 {[%clk 00:36:09]} {[%emt 00:06:14]} 16. Nd3 {[%clk 00:52:15]}
{[%emt 00:00:41]} Bh6 {[%clk 00:34:41]} {[%emt 00:01:33]} 17. Qb3 {[%clk
00:48:49]} {[%emt 00:03:32]} Kh8 {[%clk 00:30:21]} {[%emt 00:04:25]} 18. Nd1
{[%clk 00:47:55]} {[%emt 00:01:00]} c5 {[%clk 00:24:52]} {[%emt 00:05:33]} 19.
dxc6 {[%clk 00:47:27]} {[%emt 00:00:32]} Nxc6 {[%clk 00:24:46]} {[%emt
00:00:11]} 20. Bxd6 {[%clk 00:47:04]} {[%emt 00:00:29]} Nd4 {[%clk 00:24:29]}
{[%emt 00:00:22]} 21. Qb2 {[%clk 00:46:34]} {[%emt 00:00:35]} Nxe2+ {[%clk
00:23:41]} {[%emt 00:00:53]} 22. Qxe2 {[%clk 00:45:09]} {[%emt 00:01:29]} Rf6
{[%clk 00:21:35]} {[%emt 00:02:12]} 23. c5 {[%clk 00:41:50]} {[%emt 00:03:25]}
b6 {[%clk 00:13:46]} {[%emt 00:07:53]} 24. Qb2 {[%clk 00:38:35]} {[%emt
00:03:20]} fxe4 {[%clk 00:09:21]} {[%emt 00:04:31]} 25. Nxe5 {[%clk 00:37:32]}
{[%emt 00:01:06]} Bg7 {[%clk 00:07:54]} {[%emt 00:01:32]} 26. Ne3 {[%clk
00:20:13]} {[%emt 00:17:24]} bxc5 {[%clk 00:04:47]} {[%emt 00:03:13]} 27. Qb3
{[%clk 00:15:11]} {[%emt 00:05:07]} exf3 {[%clk 00:02:32]} {[%emt 00:02:20]}
28. Nf7+ {[%clk 00:12:27]} {[%emt 00:02:49]} Rxf7 {[%clk 00:02:36]} 29. Qxf7
{[%clk 00:12:13]} {[%emt 00:00:19]} fxg2 {[%clk 00:02:23]} {[%emt 00:00:18]}
30. Nxg2 {[%clk 00:10:35]} {[%emt 00:01:42]} Bxa1 {[%clk 00:02:15]} {[%emt
00:00:13]} 31. Rxa1 {[%clk 00:10:18]} {[%emt 00:00:22]} Qf6 {[%clk 00:02:11]}
{[%emt 00:00:09]} 32. Qe8+ {[%clk 00:08:58]} {[%emt 00:01:25]} Kh7 {[%clk
00:02:06]} {[%emt 00:00:11]} 33. Rd1 {[%clk 00:08:00]} {[%emt 00:01:02]} Rxa4
{[%emt 00:01:22]} 34. Qxc8 {[%clk 00:07:04]} {[%emt 00:01:00]} Ne5 {[%clk
00:00:28]} {[%emt 00:00:28]} 35. Qc7+ {[%clk 00:06:43]} {[%emt 00:00:25]} 1-0